Análisis de sitios de concentración de choques viales en la Ruta Nacional 2, mediante el método de exceso de frecuencia de choques esperados
Guardat en:
| Autor principal: | |
|---|---|
| Format: | Llibre |
| Idioma: | Spanish |
| Publicat: |
[San José], Costa Rica
2016
|
| Matèries: | |
| Etiquetes: |
Afegir etiqueta
Sense etiquetes, Sigues el primer a etiquetar aquest registre!
|
MARC
| LEADER | 00000nam a22000007a 4500 | ||
|---|---|---|---|
| 003 | 012455 | ||
| 005 | 20221231144117.0 | ||
| 008 | 160913b2016 cr a|||| |||| 00| ||spa d | ||
| 040 | |c cru CEDI | ||
| 090 | |a TFG 7612 | ||
| 100 | |9 5301 |a Leiva López, Marco Antonio | ||
| 245 | |a Análisis de sitios de concentración de choques viales en la Ruta Nacional 2, mediante el método de exceso de frecuencia de choques esperados | ||
| 260 | |a [San José], Costa Rica |c 2016 | ||
| 300 | |a xxi, 205 hojas ilustraciiones a color | ||
| 500 | |a Proyecto de graduación (licenciatura en ingeniería civil)--Universidad de Costa Rica. Facultad de Ingeniería. Escuela de Ingeniería Civil | ||
| 650 | |x ACCIDENTES DE TRANSITO - CAUSA Y DETERMINACION - COSTA RICA |x CONSTRUCCION DE CARRETERAS - PEREZ ZELEDON (SAN JOSE, COSTA RICA) |x SEGURIDAD VIAL |x INGENIERÍA DE CARRETERAS |x ACCIDENTES DE TRANSITO - PREVENCION |x PERCEPCION DE RIESGOS |x SEGURIDAD VIAL - COSTA RICA |9 5303 | ||
| 942 | |c TFG | ||
| 999 | |c 17035 |d 17035 | ||
